| 000 | 00615nam a2200217 a 4500 | ||
|---|---|---|---|
| 008 | |||
| 049 | _aMAIN | ||
| 090 | _aQR201.V55 TIM | ||
| 100 | 1 | _aTimakov, V.D. | |
| 245 | 1 | 0 |
_aSlow virus infections / _cV.D. Timakov and V.A. Zuev. |
| 260 |
_aMoscow : _bMir Publishers, _c1980. |
||
| 300 | _aRevised ed. | ||
| 300 |
_a245 p. ; _bill. ; _c22 cm. |
||
| 504 | _aIncludes bibliographical references. | ||
| 500 | _aIncludes index. | ||
| 907 |
_a.b10233118 _b20-02-07 _c19-02-07 |
||
| 003 | |||
| 005 | 20230120203943.0 | ||
| 040 | _cNUST | ||
| 942 |
_cBOOKS _kQR201.V55 TIM |
||
| 999 |
_c114514 _d114514 |
||